000 nam a22 a 4500
999 _c855
_d855
005 20170505145654.0
008 170505b1984 my ||||| |||| 00| 0 ara d
040 _aAKMAL
082 _aR 297.122 QUR
090 _aR 297.122
_bQUR
245 _aAl-Quran
260 _c1984
300 _a604p
_ccm
546 _aTulisan dalam bahasa jawi
599 _aDALAM PROSES
942 _2ddc
_cBOOK